000 01046nam a2200301 a 4500
001 BRL_1876
005 20190320211417.0
008 110815s1982----mx-a######---#000-0#spa-#
020 _at.1 9688220132
020 _at.2 9688220388
041 _aspa
044 _amx
050 4 _aF1221.H8
_b.Z56 1982
100 1 _aZing, Robert Mowry
_d1900-1957
_928108
245 1 0 _aLos huicholes
_buna tribu de artístas
_cRobert M. Zingg ; traducción Celia Paschero.
260 _aMéxico
_bInstituto Nacional Indigenista
_c1982
300 _a2v.
_bil.
_c22 cm.
440 0 _aColección INI
_pClásicos de la Antropología
_v12, t.1,t.2
_928109
500 _at.1 Au2066, t.2 Au2067
500 _aTraducción de: The huicholes: primitive artists.
500 _aEl tomo 1 esta encuadernado en pasta dura.
650 1 4 _aHuicholes
_xArte
_925542
650 1 4 _aHuicholes
_xVida social y costumbres
_924882
650 1 4 _aIndígenas de México
_xVida social y costumbres
_910614
700 1 _aPaschero, Celia
_etr.
_928110
902 _aGRL
942 _2lcc
_cB
999 _c10684
_d10684